[Event "XXXIII Abierto Ciudad de Sevilla"]
[Site "?"]
[Date "2008.01.07"]
[Round "3"]
[White "Barria, D."]
[Black "Khamrakulov, I."]
[Result "0-1"]
[WhiteElo "2427"]
[BlackElo "2589"]
[PlyCount "64"]
[EventDate "2008.01.05"]
[SourceDate "2008.01.05"]

1. d4 Nf6 2. c4 e6 3. Nf3 b6 4. g3 Ba6 5. Qa4 Bb7 6. Bg2 c5 7. dxc5 Bxc5 8. O-O
O-O 9. Nc3 Nc6 10. Bf4 Nh5 (10... Rc8 11. Rad1 Be7 12. Nb5 Na5 13. Nd6 Bxd6 14.
Bxd6 Rxc4 15. b4 Re8 16. Ne5 Bxg2 17. Kxg2 Re4 18. Qc2 Qa8 19. f3 Rxe5 20. Bxe5
Nd5 21. Bd4 Rc8 22. Qa4 Nc4 23. Qb3 e5 24. Bf2 b5 25. e4 Nf6 26. Rd3 d5 27.
exd5 Nxd5 28. Rfd1 Nf6 29. Kg1 h5 30. a4 a6 31. Ra1 e4 32. Rc3 Qc6 33. axb5
axb5 34. Rd1 Nd5 35. Rc2 e3 36. Be1 Nf6 37. Kg2 h4 38. gxh4 Nh5 39. Bg3 Qg6 40.
Rd4 Re8 41. Re2 f5 42. Qd3 Kh7 43. f4 Qc6+ 44. Kh3 Qf3 45. Qxf5+ Kh8 46. Rg2 e2
47. Rd3 Nxf4+ 48. Qxf4 Qxd3 49. Rg1 e1=Q 50. Rxe1 Rxe1 51. Qf8+ Kh7 {
0-1 Benen,S-Kamsky,G/New York 2004}) 11. Bd2 Qc8 12. Ne4 Be7 13. Bc3 f5 14.
Ned2 Bf6 15. Rac1 Bxc3 16. Rxc3 Nf6 17. c5 Qd8 (17... bxc5 18. Rxc5 d6 19. Rc2
Qd7 $11) 18. Rd1 (18. Rfc1) 18... Qe7 19. Qa3 (19. b4 Nxb4 20. Qxb4 Nd5 21. Qb2
Nxc3 22. Qxc3 bxc5 $15) (19. Rdc1) 19... Ne4 $15 20. Nxe4 fxe4 21. Ne1 (21. Nd2
Nd4 22. Rc4 Nxe2+ 23. Kf1 Qf7 24. Qe3 bxc5 25. Nxe4 (25. Qxe2 Ba6 26. Nxe4 Bxc4
27. Qxc4 d5 28. Qc2 dxe4 29. Bxe4 Rab8 $17) 25... Nd4 26. Rxc5 Nf5 $17) 21...
Qf6 22. f4 {Diagrama #} Nd4 $17 23. Re3 e5 24. Rxe4 Bxe4 25. Bxe4 Nxe2+ 26. Kg2
Rae8 27. Nf3 exf4 $19 28. Qd3 fxg3 29. Qxe2 gxh2 30. Re1 (30. Bd5+ Kh8 31. Qd2
Qg6+ 32. Kh1 bxc5 $19) 30... Kh8 31. Kxh2 bxc5 32. Qd2 Rxe4 0-1

[Event "XXXIII Abierto Ciudad de Sevilla"]
[Site "?"]
[Date "2008.01.07"]
[Round "3"]
[White "Lopez Martinez, J."]
[Black "Pogorelov, R."]
[Result "1-0"]
[WhiteElo "2550"]
[BlackElo "2396"]
[PlyCount "91"]
[EventDate "2008.01.05"]
[SourceDate "2008.01.05"]

1. e4 c6 2. d4 d5 3. e5 Bf5 4. Be3 e6 5. Nd2 Nd7 6. Be2 Bg6 7. h4 (7. Ngf3 Nh6
8. Bxh6 gxh6 9. O-O Be7 10. Nb3 O-O 11. Qd2 Kg7 12. c3 f6 13. exf6+ Bxf6 14.
Bd3 Qc7 15. Rae1 Rae8 16. Re3 e5 17. dxe5 Nxe5 18. Nxe5 Rxe5 19. Rxe5 Bxe5 20.
g3 Re8 21. Kg2 Bf6 22. f4 Qb6 23. Rf3 a5 24. Nc1 c5 25. g4 Qc6 26. Ne2 b5 27.
g5 hxg5 28. fxg5 Be5 29. Bxg6 hxg6 30. Nf4 d4 31. cxd4 Bxd4 32. Kg3 a4 33. b4
axb3 34. axb3 Be5 35. Kf2 Qd6 36. Qxd6 Bxd6 37. h3 Bxf4 {
1/2-1/2 Spraggett,K-Pogorelov,R/Andorra 2005}) 7... f6 8. h5 Bf7 9. f4 fxe5 10.
dxe5 Bc5 11. Bxc5 Nxc5 12. c3 g5 $2 13. hxg6 Bxg6 14. Ngf3 Qb6 15. b4 Nd7 (
15... Nd3+ 16. Bxd3 Bxd3 17. Nd4 $18) (15... Ne4 16. Nxe4 Bxe4 17. Nd4 Ne7 18.
a4 a5 19. Bh5+ $18) 16. Nd4 $16 c5 $2 (16... Nf8 17. g4 Ne7 18. a4 $18) 17.
bxc5 Nxc5 18. N2b3 (18. Bb5+) 18... Ne4 (18... Ne7 19. Nxc5 Qxc5 20. Qd2 Rc8
21. Rc1 Kf7 22. g4 $18) 19. Bh5 $6 (19. Bb5+ Ke7 20. Qf3) 19... Ne7 $16 20.
Bxg6+ Nxg6 21. Qg4 O-O-O $6 (21... O-O) 22. Qxe6+ Qxe6 23. Nxe6 Rde8 24. Nbd4
Kd7 25. Ng7 (25. Rh5) 25... Rc8 26. O-O (26. e6+ Ke7 27. Ngf5+ Ke8 28. Ne2)
26... Rxc3 $14 27. e6+ Ke7 28. f5 (28. Rac1) 28... Nh4 29. Rf4 Kf6 30. Rg4 (30.
Raf1 Kxg7 31. f6+ Nxf6 32. Rxf6 Re8 33. Rf7+ Kh6 34. Rd7 $16) 30... h5 31. Rxh4
Kxg7 32. Ne2 Rc5 33. Nf4 {Diagrama #} Kf6 $6 (33... Ng3) 34. Rxh5 Rxh5 35.
Nxh5+ Kg5 (35... Kxf5 36. e7 Nd6 37. Ng7+) 36. e7 Rc8 37. Ng7 Nd6 38. Re1 Ne8
39. Nxe8 Rxe8 40. g4 d4 41. Kf2 b5 42. Re6 b4 43. Rg6+ Kf4 44. f6 Rc8 45. f7
Rc2+ 46. Ke1 1-0

[Event "XXXIII Abierto Ciudad de Sevilla"]
[Site "?"]
[Date "2008.01.07"]
[Round "3"]
[White "Vehi Bach, V."]
[Black "Aroshidze, L."]
[Result "1-0"]
[WhiteElo "2373"]
[BlackElo "2553"]
[PlyCount "97"]
[EventDate "2008.01.05"]
[SourceDate "2008.01.05"]

1. e4 c5 2. Nf3 d6 3. d4 cxd4 4. Nxd4 Nf6 5. Nc3 a6 6. Be3 e6 7. Be2 Qc7 8. Qd2
b5 9. a3 Nbd7 10. O-O-O Rb8 (10... Bb7 11. f3 d5 12. exd5 Nxd5 13. Nxd5 Bxd5
14. Rhe1 Rc8 15. Bf4 Qb7 16. Kb1 Nb6 17. Nf5 Qc6 18. Be3 Rd8 19. Qa5 Nc4 20.
Bxc4 Qxc4 21. b3 Qc6 22. Bd4 f6 23. Bb2 Bc5 24. Rxe6+ Bxe6 25. Qxd8+ Kf7 26.
Nh6+ gxh6 27. Qxf6+ {1-0 Tiviakov,S-Ermenkov,E/Struga 2002/ECO NotiChess}) 11.
g4 Nc5 12. f3 Nfd7 13. g5 Ne5 14. f4 $6 (14. b4) 14... Nc4 15. Bxc4 bxc4 $15
16. Qe2 (16. Nde2) 16... Qb7 17. Qxc4 Bd7 $6 (17... Qxb2+ 18. Kd2 Rb7 19. Rb1
Qxa3 $17) 18. Nb3 Nxb3+ 19. Qxb3 Qc7 $6 (19... Qxb3 20. cxb3 Rxb3 21. Kc2 Rb8)
20. Qa2 Be7 21. Rd4 O-O 22. Rc4 Qa5 23. Bd2 Qb6 24. Rb4 Qa7 25. Re1 Rxb4 26.
axb4 Rb8 27. Nd1 Bc6 28. Qc4 Bb5 29. Qc3 Bf8 30. h4 Qb7 31. Qd4 Rc8 32. b3 Re8
33. Qe3 e5 $2 (33... d5) 34. f5 Bd7 35. Qd3 d5 36. exd5 $6 (36. Qxd5 Bc6 37.
Qc4) 36... e4 37. Qd4 Bxf5 38. Ne3 Bg6 39. Rh1 Bh5 40. Bc3 Bf3 41. Rg1 Qd7 42.
Kb2 Qh3 (42... Rd8) 43. Nc4 {Diagrama #} Qxh4 $2 (43... Rd8) 44. Nd6 $18 Rd8
45. Nf5 Qf4 46. Nxg7 Rxd5 47. Qxd5 Bxg7 48. Qd8+ Bf8 49. Qd4 1-0

[Event "XXXIII Abierto Ciudad de Sevilla"]
[Site "?"]
[Date "2008.01.07"]
[Round "3"]
[White "Muratet Casadevall, A."]
[Black "Narciso Dublan, M."]
[Result "0-1"]
[WhiteElo "2198"]
[BlackElo "2513"]
[PlyCount "74"]
[EventDate "2008.01.05"]
[SourceDate "2008.01.05"]

1. e4 e6 2. d4 d5 3. exd5 exd5 4. Bd3 Nf6 5. Nc3 Nc6 6. Nf3 Nb4 7. O-O Be7 8.
Ne5 O-O 9. Re1 Nxd3 10. Qxd3 Ne8 11. Qf3 c6 12. Ne2 Nc7 13. Ng3 f6 14. Nd3 Re8
15. Bd2 Bf8 16. c3 (16. Bb4) 16... Bd7 17. a4 b6 18. h4 Qc8 19. Rxe8 Qxe8 {
Diagrama #} 20. Nh5 $6 (20. h5) 20... Qg6 21. Qg3 (21. Ng3) 21... Qxg3 22. Nxg3
a5 $15 23. Re1 (23. b3) 23... c5 $17 24. b3 c4 25. bxc4 dxc4 26. Nb2 b5 27. Nf1
Ba3 $17 28. Bc1 $2 $19 (28. Nd1 bxa4 29. Nde3 Bb5 30. Ra1 Bf8 31. Bc1) 28...
Nd5 29. axb5 Bxb5 30. Ng3 a4 31. Nd3 cxd3 32. Bxa3 Nxc3 33. Nf1 Ne2+ 34. Kh2
Nxd4 35. Ne3 d2 36. Rb1 Bd3 37. Rb7 Nc2 0-1

[Event "XXXIII Abierto Ciudad de Sevilla"]
[Site "?"]
[Date "2008.01.07"]
[Round "3"]
[White "Fernandez Romero, E."]
[Black "Barrantes Muñoz, H."]
[Result "1/2-1/2"]
[WhiteElo "2462"]
[BlackElo "2180"]
[PlyCount "65"]
[EventDate "2008.01.05"]
[SourceDate "2008.01.05"]

1. e4 c5 2. Nc3 g6 3. Nge2 Nc6 4. d4 cxd4 5. Nxd4 Bg7 6. Be3 Nf6 7. Bc4 O-O 8.
Bb3 a5 9. O-O d6 10. f3 Nxd4 11. Bxd4 Bd7 12. a4 Bc6 13. Qd2 Nd7 14. Be3 Nc5
15. Bc4 Qb6 16. Bb5 Rfc8 17. Rab1 Qd8 18. Bd4 Bxd4+ 19. Qxd4 Qb6 20. Kh1 Nd7
21. Qd2 Qc5 22. f4 Bxb5 23. axb5 Nb6 24. f5 a4 25. Rf3 a3 26. fxg6 fxg6 27. e5
$6 (27. bxa3) 27... axb2 (27... a2 28. Ra1 Nc4 29. Qh6 Qxe5 $17) 28. exd6 Ra1
29. dxe7 (29. d7 Rxb1+ 30. Nxb1 Rd8 31. Qe2 e5 $19) 29... Qxe7 $19 30. Rff1 Qe5
$6 (30... Rd8 31. Qf2 (31. Qe2 Qxe2 32. Nxe2 Rda8 $19) 31... Rf8 32. Qg1 Rxf1
33. Qxf1 Rxb1 34. Nxb1 Qe3 $19) 31. Qf2 {Diagrama #} Qxc3 $4 (31... Nc4 32.
Qf7+ Kh8 33. Nd5 Nd6 $19) 32. Qxb6 Rxb1 33. Qe6+ (33. Rxb1 Re8 34. Qf2 Qc4 35.
Qd2 (35. Rxb2 Rf8) 35... Rf8 36. Qe1 Qxc2 $19) 1/2-1/2

[Event "XXXIII Abierto Ciudad de Sevilla"]
[Site "?"]
[Date "2008.01.07"]
[Round "3"]
[White "Spraggett, K."]
[Black "Rodriguez Aguilera, A."]
[Result "1-0"]
[WhiteElo "2588"]
[BlackElo "1973"]
[PlyCount "89"]
[EventDate "2008.01.05"]
[SourceDate "2008.01.05"]

1. e4 d5 2. exd5 Qxd5 3. Nf3 c6 4. d4 Bf5 5. c4 Qa5+ 6. Nc3 Nf6 7. Be2 e6 8.
O-O Bd6 9. Nh4 Bg6 10. Bf3 O-O 11. Nxg6 hxg6 $16 12. g3 Nbd7 13. a3 Rad8 14.
Be3 a6 15. b4 Qc7 16. Rc1 Qb8 17. Qb3 Rc8 18. Rfe1 b5 19. c5 Be7 20. Re2 Rfe8
21. a4 Nd5 22. axb5 (22. Nxd5 exd5 23. Bf4 Qa8 24. Ra1 Qb7 25. Rae1) 22... axb5
23. Nxd5 exd5 24. Bf4 Qa8 25. Bg4 f5 26. Bf3 Bf6 27. Ra2 Qb7 28. Bd6 Kh8 (28...
Bxd4 29. Qd1 Bf6 30. Bxd5+ cxd5 31. c6 Rxc6 32. Qxd5+) 29. g4 (29. Rca1) 29...
Nf8 (29... Bxd4 30. gxf5 gxf5 31. Qd1 Be5 32. Bxd5) 30. gxf5 gxf5 31. Qd3 (31.
Rca1) 31... g6 32. Rca1 Ra8 33. Rxa8 Rxa8 34. Rxa8 Qxa8 35. Qe3 Nh7 (35... Kg7)
36. Qe6 {Diagrama #} Qa1+ $2 (36... Bxd4 37. Be5+ Bxe5 38. Qxe5+ Kg8 39. Qe6+
Kg7 40. Qe7+ Kh6 $11) 37. Kg2 Qxd4 38. Qc8+ Kg7 39. Qxc6 Ng5 40. Qd7+ Kh8 41.
Qc8+ Kh7 42. Qb7+ Kh8 43. Bxd5 Qg4+ 44. Bg3 Bd4 45. Qe7 1-0

[Event "XXXIII Abierto Ciudad de Sevilla"]
[Site "?"]
[Date "2008.01.07"]
[Round "3"]
[White "Movsziszian, K."]
[Black "Lanzani, M."]
[Result "1-0"]
[WhiteElo "2527"]
[BlackElo "2349"]
[PlyCount "103"]
[EventDate "2008.01.05"]
[SourceDate "2008.01.05"]

1. Nf3 d5 2. g3 c5 3. Bg2 Nc6 4. O-O e5 5. d3 Nge7 6. c4 d4 7. e3 Ng6 8. exd4
cxd4 9. a3 a5 10. Nbd2 Be7 11. Qc2 O-O 12. h4 f5 13. Re1 e4 14. dxe4 d3 15. Qb3
f4 16. c5+ Kh8 17. Qc3 Bg4 18. Rb1 fxg3 19. fxg3 {Diagrama #} Bxf3 $2 (19...
Qc7 20. e5 Rf5 $17) 20. Nxf3 Rxf3 (20... Qc7) 21. Bxf3 Bf6 22. Qd2 Nge5 23. Re3
Qd4 24. Kg2 Rd8 25. b3 Qxc5 26. Bb2 a4 27. Rc1 Qb5 28. bxa4 Qxa4 29. Bd1 Qb5
30. a4 Qb6 31. Re1 h6 32. Rf1 Kh7 33. Kh3 Rd6 34. Ba3 Rd7 35. Bc5 Qd8 36. Bb3
Nd4 37. Bxd4 Rxd4 38. Qf4 d2 39. Rcd1 Qd7+ 40. Kg2 Ng4 41. Rf3 Ne5 42. Rff1 Ng4
43. Bd5 Be5 44. Qf3 Nf6 45. Rf2 Nxd5 46. exd5 Rxd5 47. Qe4+ Kg8 48. Qc4 Kh8 49.
Rf8+ Kh7 50. Qe4+ g6 51. h5 Kg7 52. Rdf1 1-0

[Event "XXXIII Abierto Ciudad de Sevilla"]
[Site "?"]
[Date "2008.01.07"]
[Round "3"]
[White "Barrenechea, G."]
[Black "Escobar Forero, A."]
[Result "0-1"]
[WhiteElo "2174"]
[BlackElo "2461"]
[PlyCount "78"]
[EventDate "2008.01.05"]
[SourceDate "2008.01.05"]

1. e4 c5 2. Nf3 e6 3. d4 cxd4 4. Nxd4 Nf6 5. Nc3 d6 6. Be2 Be7 7. O-O O-O 8.
Be3 a6 9. f4 Nbd7 10. Bf3 Qc7 11. g4 Nb6 12. g5 Ne8 13. Kh1 Nc4 14. Bc1 b5 15.
a3 Bb7 16. Bg2 e5 17. Nf5 exf4 18. Bxf4 Ne5 $2 (18... Nxb2 19. Nd5 Bxd5 20.
Qxd5) 19. a4 (19. Nd5 Bxd5 20. Qxd5 Rd8 21. Rad1 Ng6 22. Be3) 19... bxa4 20.
Rxa4 Qd8 21. Rd4 (21. Rb4) 21... Ng6 22. Nd5 (22. Qh5) 22... Bxd5 23. Rxd5 (23.
exd5) 23... Nxf4 24. Nxe7+ (24. Rxf4 Bxg5 25. Rf1 Bf6 26. c3 Rb8 27. Rd2) 24...
Qxe7 25. Rxf4 Rb8 26. b3 Nc7 27. Rxd6 Rbd8 28. e5 {Diagrama #} Nb5 $2 29. g6 $4
(29. Rxf7 Rxd6 30. exd6 Qxd6 31. Qxd6 Nxd6 32. Ra7 $18) 29... Nxd6 30. exd6 (
30. gxh7+ Kh8 31. exd6 Rxd6 32. Qf1 $17) 30... Qxd6 31. gxh7+ Kxh7 32. Be4+ Kg8
33. Qh5 Qd1+ 34. Qxd1 Rxd1+ 35. Kg2 g6 36. Bd3 Rc8 37. Rf6 Rd2+ 38. Kg3 Rc3 39.
Rxa6 Rdxc2 0-1

[Event "XXXIII Abierto Ciudad de Sevilla"]
[Site "?"]
[Date "2008.01.07"]
[Round "4"]
[White "Khamrakulov, I."]
[Black "Mirzoev, A."]
[Result "1/2-1/2"]
[WhiteElo "2585"]
[BlackElo "2518"]
[PlyCount "29"]
[EventDate "2008.01.05"]
[SourceDate "2008.01.05"]

1. e4 c5 2. c3 Nf6 3. e5 Nd5 4. Nf3 Nc6 5. Bc4 e6 6. O-O d6 7. exd6 Qxd6 8. d4
cxd4 9. Nxd4 Nxd4 10. Qxd4 Nb6 11. Bb5+ Bd7 12. Bxd7+ Qxd7 13. Qg4 Nd5 14. Rd1
Qc6 15. Nd2 {Diagrama #} 1/2-1/2

[Event "XXXIII Abierto Ciudad de Sevilla"]
[Site "?"]
[Date "2008.01.07"]
[Round "4"]
[White "Narciso Dublan, M."]
[Black "Lopez Martinez, J."]
[Result "0-1"]
[WhiteElo "2513"]
[BlackElo "2550"]
[PlyCount "40"]
[EventDate "2008.01.05"]
[SourceDate "2008.01.05"]

1. d4 Nf6 2. c4 g6 3. Nc3 Bg7 4. e4 d6 5. h3 O-O 6. Bg5 Na6 7. Nf3 Qe8 8. g4 e5
9. d5 Nd7 10. Rg1 Kh8 11. a3 f5 12. gxf5 gxf5 13. b4 Nf6 14. Qd2 Nxe4 15. Nxe4
fxe4 {Diagrama #} 16. Bh6 $2 (16. Nh4 Bf6 17. Bxf6+ Rxf6 18. Qg5 Qf8 19. c5 $15
) 16... Bxh6 17. Qxh6 Qf7 18. Nd2 Qxf2+ 19. Kd1 Rf7 20. Qg5 Bd7 0-1

[Event "XXXIII Abierto Ciudad de Sevilla"]
[Site "?"]
[Date "2008.01.07"]
[Round "4"]
[White "Paunovic, D."]
[Black "Vehi Bach, V."]
[Result "1/2-1/2"]
[WhiteElo "2522"]
[BlackElo "2373"]
[PlyCount "39"]
[EventDate "2008.01.05"]
[SourceDate "2008.01.05"]

1. d4 Nf6 2. Nf3 e6 3. g3 c5 4. Bg2 cxd4 5. O-O d5 6. Nxd4 e5 7. Nb3 Be6 8. Nc3
Be7 9. f4 exf4 10. gxf4 g6 11. Nd4 Nc6 12. Nxe6 fxe6 13. e4 Bc5+ 14. Kh1 dxe4
15. Nxe4 Nxe4 16. Bxe4 Qxd1 17. Rxd1 O-O 18. Bd2 Rad8 19. Bd3 Nb4 20. Bxb4 {
Diagrama #} 1/2-1/2

[Event "XXXIII Abierto Ciudad de Sevilla"]
[Site "?"]
[Date "2008.01.07"]
[Round "4"]
[White "Robles Garcia, C."]
[Black "Roeder, M."]
[Result "1/2-1/2"]
[WhiteElo "2203"]
[BlackElo "2461"]
[PlyCount "30"]
[EventDate "2008.01.05"]
[SourceDate "2008.01.05"]

1. e4 c5 2. Nf3 d6 3. d4 cxd4 4. Nxd4 Nf6 5. Nc3 a6 6. Bg5 e6 7. f4 Qb6 8. Qd2
Qxb2 9. Rb1 Qa3 10. f5 Nc6 11. fxe6 fxe6 12. Nxc6 bxc6 13. Be2 Be7 14. O-O O-O
15. Rb3 Qc5+ {Diagrama #} 1/2-1/2

[Event "XXXIII Abierto Ciudad de Sevilla"]
[Site "?"]
[Date "2008.01.07"]
[Round "4"]
[White "Calvo Gomez-Alvarez, J."]
[Black "Teran Alvarez, I."]
[Result "0-1"]
[WhiteElo "2007"]
[BlackElo "2404"]
[PlyCount "57"]
[EventDate "2008.01.05"]
[SourceDate "2008.01.05"]

1. e4 c5 2. Nf3 Nc6 3. d4 cxd4 4. Nxd4 g6 5. Bc4 Bg7 6. Be3 Nf6 7. Nc3 O-O 8.
O-O d6 9. h3 Bd7 10. f4 Qb6 {Diagrama #} 11. Rb1 $2 Nxe4 12. Nxe4 Bxd4 13. Bxd4
Qxd4+ 14. Qxd4 Nxd4 15. c3 Nf5 16. Rf3 Bc6 17. Bd3 d5 18. Ng3 Nd6 19. Re3 e6
20. Rbe1 Bb5 21. Bb1 Rac8 22. h4 Kg7 23. Nh1 Bd7 24. Nf2 Rc6 25. g4 Rb6 26. Nd3
Nc4 27. R3e2 Rc8 28. Ne5 Nxe5 29. fxe5 0-1

[Event "XXXIII Abierto Ciudad de Sevilla"]
[Site "?"]
[Date "2008.01.07"]
[Round "4"]
[White "Aroshidze, L."]
[Black "Fernandez Lago, D."]
[Result "1-0"]
[WhiteElo "2535"]
[BlackElo "2046"]
[PlyCount "49"]
[EventDate "2008.01.05"]
[SourceDate "2008.01.05"]

1. e4 c5 2. Nf3 e6 3. d4 cxd4 4. Nxd4 Nf6 5. Nc3 Nc6 6. Be2 Bb4 7. O-O Bxc3 8.
bxc3 Nxe4 9. Qd3 d5 10. Ba3 a6 11. c4 {Diagrama #} Ne7 $6 (11... dxc4 12. Qxe4
Qxd4 13. Qf3 Qf6) 12. cxd5 exd5 (12... Nxd5) 13. c4 Nf6 $6 (13... O-O 14. cxd5
Re8 15. Qxe4 Nf5 16. Ne6 fxe6 $18) 14. cxd5 Nfxd5 15. Bf3 O-O 16. Bxd5 Nxd5 17.
Bxf8 Qxf8 18. Rfe1 Nf4 19. Qe4 Ne6 20. Nxe6 fxe6 21. Rac1 Bd7 22. Qxb7 Qe8 23.
Rc7 Rb8 24. Qa7 Rd8 25. Rd1 1-0

[Event "XXXIII Abierto Ciudad de Sevilla"]
[Site "?"]
[Date "2008.01.07"]
[Round "4"]
[White "Pogorelov, R."]
[Black "Marin Garcia, A."]
[Result "1-0"]
[WhiteElo "2396"]
[BlackElo "2019"]
[PlyCount "47"]
[EventDate "2008.01.05"]
[SourceDate "2008.01.05"]

1. Nf3 Nf6 2. c4 e6 3. Nc3 b6 4. g3 Bb7 5. Bg2 Be7 6. O-O O-O 7. Re1 d5 8. cxd5
Nxd5 9. e4 Nb4 10. d4 c5 11. a3 cxd4 12. Nxd4 N4a6 13. b4 Nd7 14. e5 Bxg2 15.
Kxg2 Nc7 16. Nc6 Qe8 17. Ra2 Nb8 18. Nxe7+ Qxe7 19. Rd2 Qe8 20. a4 b5 21. Qf3
Nba6 22. Ba3 Rb8 23. Ne4 $16 {Diagrama #} Qc6 24. Nf6+ 1-0

[Event "XXXIII Abierto Ciudad de Sevilla"]
[Site "?"]
[Date "2008.01.07"]
[Round "4"]
[White "Campora, D."]
[Black "Zhao, Z."]
[Result "1-0"]
[WhiteElo "2482"]
[BlackElo "2487"]
[PlyCount "36"]
[EventDate "2008.01.05"]
[SourceDate "2008.01.05"]

1. d4 Nf6 2. Bg5 e6 3. e4 c5 4. d5 d6 5. Nc3 e5 6. Nf3 Be7 7. Be2 O-O 8. Bc1
Ne8 9. O-O Nd7 10. a4 g6 11. Bh6 Ng7 12. Nd2 f5 13. a5 a6 14. Nc4 f4 15. Bg4
Nf6 16. Bxc8 Rxc8 17. f3 Rf7 18. Bxg7 Kxg7 {Diagrama #ilegible} 1-0

[Event "XXXIII Abierto Ciudad de Sevilla"]
[Site "?"]
[Date "2008.01.07"]
[Round "4"]
[White "Escobar Forero, A."]
[Black "Burmakin, V."]
[Result "0-1"]
[WhiteElo "2461"]
[BlackElo "2611"]
[PlyCount "81"]
[EventDate "2008.01.05"]
[SourceDate "2008.01.05"]

1. e4 c6 2. d4 d5 3. e5 Bf5 4. Be2 e6 5. Nf3 Nd7 6. O-O h6 7. Nbd2 Ne7 8. Ne1
c5 9. c3 Nc6 10. Ndf3 cxd4 11. cxd4 Qb6 12. a3 a5 13. Qa4 Be7 14. Nd3 O-O 15.
Be3 Rfc8 16. Rfc1 Qa7 17. Nf4 Nb6 18. Qb5 a4 19. Rc3 Qa5 20. Rac1 Qxb5 21. Bxb5
Na7 22. Rxc8+ Rxc8 23. Rxc8+ Naxc8 24. Nd2 g5 25. Nh5 Na7 26. Be2 Nd7 27. g4
Bc2 28. h4 Kh7 29. hxg5 hxg5 30. Kh2 b5 31. Nf3 Kg6 32. Kg3 Nb6 33. Nf6 Nc4 34.
Bc1 Nc6 35. Bxg5 Nxb2 36. Bxb5 Na7 37. Nh4+ Kg7 (37... Kxg5 38. Ng8 Nd3 39.
Bxd3 Bxd3 40. f4#) 38. Ne8+ Kf8 39. Bxe7+ Kxe7 40. Nd6 Nd1 41. Be8 {
Diagrama #ilegible} 0-1

[Event "XXXIII Abierto Ciudad de Sevilla"]
[Site "?"]
[Date "2008.01.07"]
[Round "4"]
[White "Korneev, O."]
[Black "Razmyslov, A."]
[Result "1-0"]
[WhiteElo "2645"]
[BlackElo "2392"]
[PlyCount "69"]
[EventDate "2008.01.05"]
[SourceDate "2008.01.05"]

1. e4 b6 2. d4 Bb7 3. Bd3 Nf6 4. Nd2 e6 5. Ngf3 c5 6. c3 cxd4 7. cxd4 Ba6 8.
Bxa6 Nxa6 9. O-O Be7 10. a3 O-O 11. Qe2 Nc7 12. Re1 Qc8 13. Nf1 Qa6 14. Qd1
Rac8 15. Ng3 b5 16. Bg5 Bd8 17. Qd3 h6 18. Bd2 Be7 19. Bc3 d5 20. e5 Ne4 21.
Bb4 Rfe8 22. Nh5 (22. Nxe4 dxe4 23. Qxe4 Nd5 24. Bxe7 Rxe7 25. g4 $5) 22... Bd8
23. h4 Na8 24. Nd2 Nxd2 25. Bxd2 Kh8 26. Re3 Rg8 {Diagrama #} 27. Rg3 $18 Be7
28. Rg4 (28. Qf3 Rcf8 29. Bxh6 gxh6 30. Qf4) 28... Qc6 29. Rc1 Qe8 30. Rxc8
Qxc8 31. Qg3 Qf8 32. Bg5 g6 33. Bf6+ Bxf6 34. Nxf6 h5 35. Rf4 1-0

[Event "XXXIII Abierto Ciudad de Sevilla"]
[Site "?"]
[Date "2008.01.07"]
[Round "4"]
[White "Garcia Luque, A."]
[Black "Spraggett, K."]
[Result "0-1"]
[WhiteElo "2387"]
[BlackElo "2588"]
[PlyCount "108"]
[EventDate "2008.01.05"]
[SourceDate "2008.01.05"]

1. Nf3 c5 2. g3 b6 3. Bg2 Bb7 4. O-O Nf6 5. d3 d6 6. a3 Nbd7 7. b4 g6 8. Bb2
Bg7 9. Nbd2 O-O 10. e4 Qc7 11. Re1 Rfe8 12. Nc4 Rad8 13. b5 e5 14. a4 a5 15.
Nfd2 Nf8 16. Ne3 Ne6 17. Nd5 Nxd5 18. exd5 Nf8 19. Nc4 Nd7 20. Qd2 Nf6 21. Ne3
h5 22. Rf1 Re7 23. Rae1 Rde8 24. Qc1 h4 25. Qd1 Bc8 26. c4 Qd8 27. Ba1 Ra7 28.
Bf3 Nh7 29. Ng2 hxg3 30. fxg3 Rf8 31. Re2 Ng5 32. Ne1 Nxf3+ 33. Nxf3 Bh3 34.
Rff2 f5 $17 35. Bb2 Bh6 36. Bc1 g5 37. Re1 Rh7 38. Kh1 Bg4 39. Qc2 Bh5 40. Ref1
Qe7 41. Nd2 Rhf7 42. Kg2 Rf6 43. Nf3 Qg7 44. Nd2 Kh8 45. Nf3 R8f7 {Diagrama #}
46. Bb2 (46. Nxe5 dxe5 47. Bb2 $17) 46... Bxf3+ $19 47. Rxf3 g4 48. R3f2 Be3
49. Re2 Qh6 50. Rxe3 Rh7 51. h4 gxh3+ 52. Kf2 f4 53. Rf3 fxg3+ 54. Kg1 Qe3+ 0-1

[Event "XXXIII Abierto Ciudad de Sevilla"]
[Site "?"]
[Date "2008.01.07"]
[Round "4"]
[White "Epishin, V."]
[Black "Karim, I."]
[Result "1-0"]
[WhiteElo "2577"]
[BlackElo "2366"]
[PlyCount "89"]
[EventDate "2008.01.05"]
[SourceDate "2008.01.05"]

1. d4 d5 2. c4 c6 3. Nf3 Nf6 4. Qb3 dxc4 5. Qxc4 Bf5 6. g3 e6 7. Bg2 Nbd7 8.
O-O Be7 9. e3 O-O 10. b3 Rc8 11. Rd1 Qb6 12. Nc3 Ne4 13. Bb2 Nxc3 14. Bxc3 Be4
15. b4 Qb5 16. Qf1 Nb6 17. Be1 Qd5 18. Ne5 Bxg2 19. Qxg2 Qxg2+ 20. Kxg2 Rfd8
21. a4 Nd7 22. Nd3 Bf6 23. f4 Nb6 24. Kf3 Nd5 25. Rd2 Be7 26. Rc1 a6 27. Rdc2
Nc7 28. Ne5 Ra8 29. g4 Nd5 30. Rb1 f6 31. Nd3 Nc7 32. Nc5 Rab8 33. f5 exf5 34.
gxf5 g6 {Ilegible} 35. Bg3 Bd6 36. Bxd6 Rxd6 37. Ne4 Rdd8 38. fxg6 hxg6 39.
Nxf6+ Kg7 40. Ng4 Rf8+ 41. Ke4 Rh8 42. Kd3 Rh3 43. Rg2 Nd5 44. Rg3 Rxg3 45.
hxg3 {Diagrama #ilegible} 1-0

[Event "XXXIII Abierto Ciudad de Sevilla"]
[Site "?"]
[Date "2008.01.07"]
[Round "4"]
[White "Matamoros, C."]
[Black "Pereira Figueroa, M."]
[Result "1-0"]
[WhiteElo "2529"]
[BlackElo "2181"]
[PlyCount "77"]
[EventDate "2008.01.05"]
[SourceDate "2008.01.05"]

1. Nf3 d5 2. c4 c6 3. g3 Nf6 4. Bg2 Bf5 5. b3 h6 6. Bb2 Nbd7 7. O-O e6 8. d3
Be7 9. Nbd2 O-O 10. a3 a5 11. Qc2 Qb6 12. Rac1 Rfd8 13. Qb1 Rac8 14. Qa1 Bh7
15. Bh3 Ne8 16. Rc2 Bf6 17. Rfc1 Rc7 18. b4 Ra8 19. Bxf6 Nexf6 20. cxd5 exd5
21. Qc3 axb4 22. axb4 Rcc8 23. Rb2 Re8 24. Nb3 Ra3 25. Qd2 Bg6 26. Nc5 Nb8 27.
Nd4 {Diagrama #} Qa7 (27... Qc7) 28. b5 Ra1 $2 29. b6 $18 Rxc1+ 30. Qxc1 Qa8
31. Rb3 Bh5 32. Ra3 Na6 33. e3 Bg4 34. Bxg4 Nxg4 35. Nxa6 bxa6 36. Qxc6 Qb8 37.
b7 Qe5 38. Rxa6 Nxe3 39. Qxe8+ 1-0

[Event "XXXIII Abierto Ciudad de Sevilla"]
[Site "?"]
[Date "2008.01.07"]
[Round "4"]
[White "Medina Carrasco, S."]
[Black "Fernandez Romero, E."]
[Result "0-1"]
[WhiteElo "2213"]
[BlackElo "2462"]
[PlyCount "74"]
[EventDate "2008.01.05"]
[SourceDate "2008.01.05"]

1. d4 Nf6 2. c4 d6 3. Nc3 e5 4. Nf3 e4 5. Ng5 Qe7 6. g3 h6 7. Nh3 g5 8. Bg2 Bf5
9. Qb3 c6 10. O-O Qd7 11. f3 Bg7 12. Nf2 exf3 13. exf3 O-O 14. Re1 Na6 15. Be3
Rfe8 16. Nce4 Rad8 17. Rad1 d5 18. Nxf6+ Bxf6 19. cxd5 cxd5 20. h3 Re6 21. Ng4
Bg7 22. Bf2 Rb6 23. Qa3 Nb4 24. Ne5 Qd6 25. Qxa7 (25. Re2) 25... f6 26. Ng4 Nd3
{Diagrama #} 27. Re7 $2 (27. Ne3 Bg6 28. Re2) 27... Nxb2 $6 (27... Rxb2 28.
Rxb7 Rxb7 29. Qxb7 Rb8 30. Qa7 Nxf2 31. Nxf2 Qxg3 $19) 28. Rc1 Nd3 29. Rcc7
Rb1+ (29... Bd7) 30. Bf1 (30. Kh2 Bd7) 30... Bd7 31. Rxg7+ Kxg7 32. Rxb7 Rxb7
33. Qxb7 Nxf2 34. Kxf2 Rb8 35. Qa7 Rb2+ 36. Be2 Qe7 37. Ne3 Rxe2+ 0-1